[Event "Calgary CICC op"]
[Site "Calgary CAN"]
[Date "2009.05.18"]
[Round "9"]
[White "Kaminski, Victor"]
[Black "Moloney, Nicholas"]
[Result "0-1"]
[WhiteElo "2244"]
[BlackElo "2210"]
[PlyCount "78"]
[GameId "2160767910156805"]
[EventDate "2009.05.14"]
[EventType "swiss"]
[EventRounds "9"]
[EventCountry "CAN"]
[SourceTitle "CBM 130 Extra"]
[Source "ChessBase"]
[SourceDate "2009.07.02"]
[SourceVersion "2"]
[SourceVersionDate "2009.07.15"]
[SourceQuality "1"]

1. c4 Nf6 2. Nf3 e6 3. d4 d5 4. Nc3 Be7 5. cxd5 exd5 6. Bg5 c6 7. Qc2 Nbd7 8. e3 Nf8 9. Bd3 Ng6 10. a3 Bd6 11. b4 h6 12. Bxf6 Qxf6 13. b5 O-O 14. bxc6 bxc6 15. Na4 Bh3 16. O-O Rae8 17. Rfc1 Re6 18. Nc5 Re7 19. Rab1 Bg4 20. Nd2 h5 21. Nf1 h4 22. h3 Bc8 23. Rb3 Rfe8 24. Ba6 Bf5 25. Bd3 Bc8 26. a4 Nf8 27. Na6 Bd7 28. Rb7 Ne6 29. Rxa7 Ng5 30. Nc5 Nxh3+ 31. gxh3 Bxh3 32. Rxe7 Qg5+ 33. Ng3 Rxe7 34. Bf5 hxg3 35. Bh7+ Kh8 36. f4 Qh5 37. Bd3 Rxe3 38. a5 Bxf4 39. a6 Re8 0-1

[Event "Calgary CICC op"]
[Site "Calgary CAN"]
[Date "2009.05.18"]
[Round "9"]
[White "Kustar, Sandor"]
[Black "Me, Kevin"]
[Result "1-0"]
[WhiteElo "2335"]
[BlackElo "2116"]
[PlyCount "40"]
[GameId "2160767910156807"]
[EventDate "2009.05.14"]
[EventType "swiss"]
[EventRounds "9"]
[EventCountry "CAN"]
[SourceTitle "CBM 130 Extra"]
[Source "ChessBase"]
[SourceDate "2009.07.02"]
[SourceVersion "2"]
[SourceVersionDate "2009.07.15"]
[SourceQuality "1"]

1. Nf3 c5 2. c4 d6 3. d4 cxd4 4. Nxd4 Nc6 5. g3 Nf6 6. Nc3 Bd7 7. Bg2 Rc8 8. Nc2 g6 9. b3 Bg7 10. Bd2 O-O 11. O-O Be6 12. e4 Nd7 13. Rb1 a5 14. Qe2 Nc5 15. Rfd1 Qb6 16. Be1 Rfe8 17. h3 Qa6 18. Nd5 Bxd5 19. exd5 Ne5 20. Nd4 Ned7 1-0

[Event "Calgary CICC op"]
[Site "Calgary CAN"]
[Date "2009.05.18"]
[Round "9"]
[White "Ristovic, Nenad"]
[Black "Kazmaier, Daniel"]
[Result "1/2-1/2"]
[WhiteElo "2252"]
[BlackElo "2135"]
[PlyCount "79"]
[GameId "2160767910156809"]
[EventDate "2009.05.14"]
[EventType "swiss"]
[EventRounds "9"]
[EventCountry "CAN"]
[SourceTitle "CBM 130 Extra"]
[Source "ChessBase"]
[SourceDate "2009.07.02"]
[SourceVersion "2"]
[SourceVersionDate "2009.07.15"]
[SourceQuality "1"]

1. d4 f5 2. c4 d6 3. Nc3 Nf6 4. Nf3 g6 5. g3 Bg7 6. Bg2 O-O 7. O-O c6 8. Re1 Ne4 9. Qb3 Qb6 10. Be3 Na6 11. Qxb6 axb6 12. Na4 Nb4 13. Nxb6 Ra6 14. Nxc8 Rxc8 15. a3 Nc2 16. Rac1 Nxe1 17. Nxe1 e5 18. dxe5 dxe5 19. Bxe4 fxe4 20. c5 Rd8 21. Nc2 Kf7 22. b4 Bf6 23. Rb1 Rd7 24. Kg2 Ke6 25. h4 h5 26. Rb3 Kd5 27. Rc3 Ra8 28. Bc1 Ke6 29. Ne3 Bd8 30. Nc4 Bc7 31. Nb2 Ra6 32. Be3 Kd5 33. Nc4 Ke6 34. Nb2 Kf5 35. a4 Bd8 36. a5 Ra8 37. Nc4 Bc7 38. Rc1 Rad8 39. Bg5 Rg8 40. Be3 1/2-1/2

[Event "Carnaval"]
[Site "Quebec CAN"]
[Date "2009.02.27"]
[Round "1"]
[White "Giroux, Robert"]
[Black "Bolduc, Steve"]
[Result "0-1"]
[WhiteElo "1948"]
[BlackElo "2312"]
[PlyCount "122"]
[GameId "2160767910239921"]
[EventDate "2009.02.27"]
[EventType "swiss"]
[EventRounds "5"]
[EventCountry "CAN"]

1. e4 c5 2. Nc3 d6 3. f4 Nc6 4. Nf3 g6 5. Bc4 Bg7 6. O-O Nf6 7. d3 O-O 8. Qe1 e6 9. Bb3 d5 10. Qh4 dxe4 11. dxe4 Nd7 12. Qh3 Nb6 13. e5 c4 14. Ba4 Bd7 15. Rd1 Qe7 16. Bxc6 Bxc6 17. Ng5 h6 18. Nge4 Nd5 19. Be3 Nxc3 20. Nxc3 Qb4 21. Rab1 Rfd8 22. Rxd8+ Rxd8 23. Qh4 Qa5 24. Qf2 b6 25. a3 f6 26. Qe2 Bd5 27. Bf2 fxe5 28. fxe5 b5 29. Bc5 Qc7 30. Bd6 Qb6+ 31. Kh1 Bb7 32. Rf1 Qc6 33. Qg4 Kh7 34. Rf7 Rd7 35. Rxd7 Qxd7 36. h4 a6 37. Ne2 Qf7 38. Qf4 Kg8 39. Kg1 h5 40. Kf2 Be4 41. c3 Bh6 42. Qxf7+ Kxf7 43. g3 g5 44. hxg5 Bxg5 45. Bb4 Kg6 46. Nd4 Bd5 47. Ke2 Bd8 48. Bc5 Kg5 49. Kf2 Kg4 50. Bd6 Bg5 51. Bf8 Bc1 52. Nc2 Kf5 53. Bd6 Bxb2 54. Nd4+ Ke4 55. Ne2 Kf5 56. Ke3 Kg4 57. Kd2 Kf3 58. Nf4 h4 59. Nxd5 h3 60. g4 h2 61. Nf6 h1=Q 0-1

[Event "Carnaval"]
[Site "Quebec CAN"]
[Date "2009.02.27"]
[Round "1"]
[White "Hua, Lefong"]
[Black "Perron, Jonathan"]
[Result "1-0"]
[WhiteElo "2323"]
[BlackElo "1951"]
[PlyCount "71"]
[GameId "2160767910239922"]
[EventDate "2009.02.27"]
[EventType "swiss"]
[EventRounds "5"]
[EventCountry "CAN"]
[SourceTitle "EXT 2011"]
[Source "ChessBase"]
[SourceDate "2011.11.26"]
[SourceVersion "1"]
[SourceVersionDate "2011.11.26"]
[SourceQuality "1"]

1. d4 Nf6 2. c4 e6 3. Nc3 Bb4 4. e3 O-O 5. Nge2 c5 6. a3 Bxc3+ 7. Nxc3 cxd4 8. exd4 d5 9. Be3 Qe7 10. Qf3 Nc6 11. cxd5 exd5 12. Nxd5 Nxd5 13. Qxd5 Rd8 14. Qc5 Qe4 15. O-O-O Bg4 16. Bd3 Qe8 17. Rde1 Rac8 18. Kb1 Qd7 19. Be4 Nxd4 20. Qxd4 Qxd4 21. Bxd4 Rxd4 22. f3 Be6 23. Bxb7 Rb8 24. Rd1 Bf5+ 25. Ka1 Rc4 26. Rd2 h6 27. Bd5 Rc5 28. g4 Bg6 29. b4 Rc3 30. Kb2 Rbc8 31. h4 Rc2+ 32. Rxc2 Rxc2+ 33. Kb3 Rd2 34. Kc4 Ra2 35. h5 Bc2 36. Kc3 1-0

[Event "Carnaval"]
[Site "Quebec CAN"]
[Date "2009.02.27"]
[Round "1"]
[White "Sauve, Richard"]
[Black "Rainfray, Arnaud"]
[Result "0-1"]
[WhiteElo "1964"]
[BlackElo "2387"]
[PlyCount "64"]
[GameId "2160767910239923"]
[EventDate "2009.02.27"]
[EventType "swiss"]
[EventRounds "5"]
[EventCountry "CAN"]
[SourceTitle "EXT 2011"]
[Source "ChessBase"]
[SourceDate "2011.11.26"]
[SourceVersion "1"]
[SourceVersionDate "2011.11.26"]
[SourceQuality "1"]

1. d4 d5 2. c4 c6 3. e3 Nf6 4. Nc3 e6 5. Nf3 Nbd7 6. Bd3 Bd6 7. e4 dxe4 8. Nxe4 Nxe4 9. Bxe4 c5 10. O-O Qc7 11. b3 cxd4 12. Qxd4 O-O 13. Bb2 e5 14. Qe3 Nf6 15. Bc2 Re8 16. h3 Bd7 17. Rfe1 e4 18. Nd2 Bf4 19. Qe2 e3 20. Nf3 exf2+ 21. Qxf2 Rxe1+ 22. Qxe1 Re8 23. Qc3 Re3 24. Qd4 Re2 25. Qd3 Re3 26. Qd4 Bxh3 27. Rd1 Re8 28. Qd3 Be3+ 29. Kh1 Qg3 30. Qf1 Ng4 31. Re1 Re6 32. Bxh7+ Kxh7 0-1

[Event "Carnaval"]
[Site "Quebec CAN"]
[Date "2009.02.28"]
[Round "2"]
[White "Bolduc, Steve"]
[Black "Bergeron, Marc"]
[Result "1-0"]
[WhiteElo "2312"]
[BlackElo "1991"]
[PlyCount "73"]
[GameId "2160767910239924"]
[EventDate "2009.02.27"]
[EventType "swiss"]
[EventRounds "5"]
[EventCountry "CAN"]

1. d4 d5 2. c4 Nc6 3. cxd5 Qxd5 4. e3 e5 5. Nc3 Bb4 6. Bd2 Bxc3 7. bxc3 exd4 8. cxd4 Nf6 9. Qb3 O-O 10. Qxd5 Nxd5 11. Bd3 Re8 12. Ne2 Bg4 13. f3 Bh5 14. Kf2 Ndb4 15. Bb1 Bg6 16. e4 f5 17. a3 Na6 18. exf5 Bf7 19. Bc3 Bc4 20. Be4 Rad8 21. Rad1 Ne7 22. Nf4 c6 23. Bb4 Nxb4 24. axb4 Nd5 25. Bxd5+ cxd5 26. Rhe1 Rxe1 27. Rxe1 Kf7 28. g4 Re8 29. Rxe8 Kxe8 30. Ke3 a6 31. Ne6 b6 32. Nxg7+ Kf7 33. Ne6 a5 34. bxa5 bxa5 35. Kd2 a4 36. Nf4 a3 37. Kc3 1-0

[Event "Carnaval"]
[Site "Quebec CAN"]
[Date "2009.02.28"]
[Round "2"]
[White "Lemire-Paquin, Alexandre"]
[Black "Hua, Lefong"]
[Result "1/2-1/2"]
[WhiteElo "2086"]
[BlackElo "2323"]
[PlyCount "79"]
[GameId "2160767910239925"]
[EventDate "2009.02.27"]
[EventType "swiss"]
[EventRounds "5"]
[EventCountry "CAN"]
[SourceTitle "EXT 2011"]
[Source "ChessBase"]
[SourceDate "2011.11.26"]
[SourceVersion "1"]
[SourceVersionDate "2011.11.26"]
[SourceQuality "1"]

1. Nf3 c5 2. c4 Nf6 3. Nc3 g6 4. g3 Bg7 5. Bg2 Nc6 6. d4 cxd4 7. Nxd4 Nxd4 8. Qxd4 d6 9. O-O O-O 10. Qd3 Nd7 11. Nd5 Nc5 12. Qc2 Bf5 13. e4 Be6 14. Bg5 Re8 15. Rab1 a5 16. b3 Rb8 17. a4 b6 18. Rbd1 Qd7 19. Rfe1 Bxd5 20. exd5 Kf8 21. h4 Rb7 22. Be4 Rc7 23. Kg2 e5 24. dxe6 Qxe6 25. Bd5 Qxe1 26. Rxe1 Rxe1 27. Bd8 Rc8 28. Bxb6 Rce8 29. Bxc5 dxc5 30. Qd2 Bd4 31. Qf4 R8e7 32. h5 R1e2 33. Qh6+ Kg8 34. hxg6 Rxf2+ 35. Kh3 hxg6 36. Qxg6+ Kf8 37. Qh6+ Kg8 38. Qg6+ Kf8 39. Qh6+ Kg8 40. Qg6+ 1/2-1/2

[Event "Carnaval"]
[Site "Quebec CAN"]
[Date "2009.02.28"]
[Round "2"]
[White "Rainfray, Arnaud"]
[Black "Trinh, Tri Bao"]
[Result "1-0"]
[WhiteElo "2387"]
[BlackElo "2068"]
[PlyCount "83"]
[GameId "2160767910239926"]
[EventDate "2009.02.27"]
[EventType "swiss"]
[EventRounds "5"]
[EventCountry "CAN"]
[SourceTitle "EXT 2011"]
[Source "ChessBase"]
[SourceDate "2011.11.26"]
[SourceVersion "1"]
[SourceVersionDate "2011.11.26"]
[SourceQuality "1"]

1. e4 c5 2. Nf3 g6 3. d4 cxd4 4. Qxd4 Nf6 5. Nc3 Nc6 6. Qa4 d6 7. e5 dxe5 8. Nxe5 Qd4 9. Nxc6 Qxa4 10. Nxa4 bxc6 11. Be3 Bg7 12. O-O-O Nd5 13. Bd4 Bxd4 14. Rxd4 O-O 15. g3 e5 16. Rd2 Re8 17. Bg2 e4 18. Nc5 f5 19. Re1 Be6 20. c4 Nb6 21. b3 Bf7 22. f3 exf3 23. Rxe8+ Rxe8 24. Bxf3 Re1+ 25. Kc2 Be8 26. a4 Re5 27. Nb7 Re3 28. Bg2 Kf8 29. Nd8 c5 30. a5 Nc8 31. Bd5 Ke7 32. Nb7 g5 33. Nxc5 f4 34. gxf4 gxf4 35. Rf2 Bg6+ 36. Kb2 Kd6 37. b4 Ne7 38. Bb7 Ke5 39. Nd7+ Kf5 40. b5 Bf7 41. b6 axb6 42. a6 1-0

[Event "Carnaval"]
[Site "Quebec CAN"]
[Date "2009.02.28"]
[Round "3"]
[White "Hua, Lefong"]
[Black "Bolduc, Steve"]
[Result "1-0"]
[WhiteElo "2323"]
[BlackElo "2313"]
[PlyCount "87"]
[GameId "2160767910239927"]
[EventDate "2009.02.27"]
[EventType "swiss"]
[EventRounds "5"]
[EventCountry "CAN"]
[SourceTitle "EXT 2011"]
[Source "ChessBase"]
[SourceDate "2011.11.26"]
[SourceVersion "1"]
[SourceVersionDate "2011.11.26"]
[SourceQuality "1"]

1. d4 d5 2. c4 dxc4 3. Nf3 Nf6 4. e3 e6 5. Bxc4 c5 6. O-O a6 7. Bb3 b5 8. a4 b4 9. Nbd2 Bb7 10. e4 Be7 11. e5 Ne4 12. Nxe4 Bxe4 13. Re1 Bd5 14. dxc5 Bxb3 15. Qxb3 Nc6 16. Be3 Qc7 17. Qc4 h6 18. Qg4 g6 19. Qe4 Rb8 20. Nd2 Kf8 21. Nc4 Kg7 22. b3 Rhf8 23. Rad1 Na5 24. Nxa5 Qxa5 25. c6 Rbc8 26. Rd7 Bc5 27. Rc1 Bxe3 28. Qxe3 Rc7 29. Rd6 Rb8 30. f4 Qb6 31. Qxb6 Rxb6 32. Kf2 g5 33. g3 gxf4 34. gxf4 Kg6 35. Ke3 Kf5 36. Kd4 Rb8 37. Kc5 f6 38. Rd7 Rcc8 39. Kd6 Rf8 40. c7 Rbc8 41. Ke7 Rfe8+ 42. Kd6 Kxf4 43. exf6 Kf5 44. f7 1-0

[Event "Carnaval"]
[Site "Quebec CAN"]
[Date "2009.02.28"]
[Round "3"]
[White "Masse, Hugues"]
[Black "Rainfray, Arnaud"]
[Result "0-1"]
[WhiteElo "2311"]
[BlackElo "2387"]
[PlyCount "66"]
[GameId "2160767910239928"]
[EventDate "2009.02.27"]
[EventType "swiss"]
[EventRounds "5"]
[EventCountry "CAN"]
[SourceTitle "EXT 2011"]
[Source "ChessBase"]
[SourceDate "2011.11.26"]
[SourceVersion "1"]
[SourceVersionDate "2011.11.26"]
[SourceQuality "1"]

1. d4 d5 2. c4 e6 3. Nc3 Bb4 4. Nf3 Nf6 5. cxd5 exd5 6. Bg5 h6 7. Bh4 g5 8. Bg3 Ne4 9. Nd2 Nxg3 10. hxg3 c6 11. Qc2 Be6 12. e3 Nd7 13. a3 Bd6 14. Bd3 Qe7 15. Rc1 Nb6 16. Na4 Nxa4 17. Qxa4 Kf8 18. Qd1 Kg7 19. Nb3 Rae8 20. Kf1 h5 21. Be2 h4 22. gxh4 gxh4 23. Nc5 Bc8 24. Bg4 f5 25. Bh5 Ref8 26. Bf3 Qg5 27. Nd3 f4 28. exf4 Bxf4 29. Rc2 Bd6 30. Kg1 h3 31. Qc1 Qg6 32. Qe3 Re8 33. Qd2 Qxd3 0-1

[Event "Carnaval"]
[Site "Quebec CAN"]
[Date "2009.03.01"]
[Round "4"]
[White "Bolduc, Steve"]
[Black "Ramaswamy, Kishor"]
[Result "1-0"]
[WhiteElo "2312"]
[BlackElo "2194"]
[PlyCount "53"]
[GameId "2160767910239929"]
[EventDate "2009.02.27"]
[EventType "swiss"]
[EventRounds "5"]
[EventCountry "CAN"]

1. d4 d5 2. c4 c6 3. Nc3 Nf6 4. Nf3 a6 5. Bg5 Ne4 6. Bf4 Nxc3 7. bxc3 dxc4 8. e4 b5 9. Be2 Bb7 10. O-O e6 11. Rb1 Qc8 12. Ne5 Nd7 13. Bh5 g6 14. Qf3 Nxe5 15. Bxe5 Rg8 16. Bg4 Qd7 17. Rfd1 h5 18. Bh3 Bd6 19. a4 O-O-O 20. Bxd6 Qxd6 21. Qxf7 Rde8 22. axb5 cxb5 23. d5 Kb8 24. dxe6 Qc6 25. f3 Bc8 26. Kh1 Bxe6 27. Bxe6 1-0

[Event "Carnaval"]
[Site "Quebec CAN"]
[Date "2009.03.01"]
[Round "4"]
[White "Hua, Lefong"]
[Black "Caire, Francois"]
[Result "1/2-1/2"]
[WhiteElo "2323"]
[BlackElo "2237"]
[PlyCount "41"]
[GameId "2160767910239930"]
[EventDate "2009.02.27"]
[EventType "swiss"]
[EventRounds "5"]
[EventCountry "CAN"]
[SourceTitle "EXT 2011"]
[Source "ChessBase"]
[SourceDate "2011.11.26"]
[SourceVersion "1"]
[SourceVersionDate "2011.11.26"]
[SourceQuality "1"]

1. d4 Nf6 2. c4 e5 3. dxe5 Ng4 4. Bf4 Nc6 5. Nf3 Bb4+ 6. Nbd2 Qe7 7. e3 Ngxe5 8. Nxe5 Nxe5 9. Be2 O-O 10. O-O d6 11. Nb3 b6 12. a3 Bc5 13. Qc2 a5 14. Nxc5 bxc5 15. b3 Bb7 16. Qc3 Rfe8 17. b4 axb4 18. axb4 cxb4 19. Qxb4 Bc6 20. Qc3 Ng6 21. Bg3 1/2-1/2

[Event "Carnaval"]
[Site "Quebec CAN"]
[Date "2009.03.01"]
[Round "4"]
[White "Rainfray, Arnaud"]
[Black "Hamilton, Robert"]
[Result "0-1"]
[WhiteElo "2387"]
[BlackElo "2332"]
[PlyCount "66"]
[GameId "2160767910239931"]
[EventDate "2009.02.27"]
[EventType "swiss"]
[EventRounds "5"]
[EventCountry "CAN"]
[SourceTitle "EXT 2011"]
[Source "ChessBase"]
[SourceDate "2011.11.26"]
[SourceVersion "1"]
[SourceVersionDate "2011.11.26"]
[SourceQuality "1"]

1. e4 e6 2. d4 d5 3. Nd2 Nf6 4. e5 Nfd7 5. Bd3 c5 6. c3 Nc6 7. Ne2 cxd4 8. cxd4 Qb6 9. Nf3 f6 10. exf6 Nxf6 11. O-O Bd6 12. Nc3 O-O 13. Bg5 Bd7 14. Na4 Qc7 15. Rc1 Rae8 16. Nc5 Bc8 17. Bb1 Qf7 18. Nd3 Ne4 19. Bh4 Qh5 20. Bg3 Nxg3 21. fxg3 Rf6 22. Qd2 Bc7 23. Nf4 Qh6 24. Kh1 Bxf4 25. gxf4 Rxf4 26. Qd3 Ref8 27. Rcd1 Bd7 28. Qe2 Be8 29. Rd3 Bh5 30. Qe3 Nxd4 31. Rxd4 Rxf3 32. Bxh7+ Kh8 33. Rxf3 Qxe3 0-1

[Event "Carnaval"]
[Site "Quebec CAN"]
[Date "2009.03.01"]
[Round "5"]
[White "Caire, Francois"]
[Black "Rainfray, Arnaud"]
[Result "0-1"]
[WhiteElo "2237"]
[BlackElo "2387"]
[PlyCount "64"]
[GameId "2160767910239932"]
[EventDate "2009.02.27"]
[EventType "swiss"]
[EventRounds "5"]
[EventCountry "CAN"]
[SourceTitle "EXT 2011"]
[Source "ChessBase"]
[SourceDate "2011.11.26"]
[SourceVersion "1"]
[SourceVersionDate "2011.11.26"]
[SourceQuality "1"]

1. d4 d5 2. Nf3 Nf6 3. c4 e6 4. Nc3 Bb4 5. e3 c5 6. a3 Bxc3+ 7. bxc3 O-O 8. Bd3 dxc4 9. Bxc4 Qc7 10. Bd3 cxd4 11. c4 dxe3 12. O-O e5 13. Qc2 Re8 14. Ng5 h6 15. Ne4 exf2+ 16. Qxf2 Nxe4 17. Bxe4 Be6 18. Bxh6 gxh6 19. Qg3+ Kf8 20. Qe3 Nc6 21. Qxh6+ Ke7 22. Bxc6 bxc6 23. Rad1 Rf8 24. c5 Rad8 25. Qf6+ Ke8 26. Rxd8+ Qxd8 27. Qxe5 Qd5 28. Qb8+ Ke7 29. Qxa7+ Qd7 30. Qa5 Rg8 31. Qc3 Qd5 32. g3 Rg4 0-1

[Event "Carnaval"]
[Site "Quebec CAN"]
[Date "2009.03.01"]
[Round "5"]
[White "Hamilton, Robert"]
[Black "Hua, Lefong"]
[Result "1/2-1/2"]
[WhiteElo "2332"]
[BlackElo "2323"]
[PlyCount "108"]
[GameId "2160767910239933"]
[EventDate "2009.02.27"]
[EventType "swiss"]
[EventRounds "5"]
[EventCountry "CAN"]
[SourceTitle "EXT 2011"]
[Source "ChessBase"]
[SourceDate "2011.11.26"]
[SourceVersion "1"]
[SourceVersionDate "2011.11.26"]
[SourceQuality "1"]

1. d4 Nf6 2. c4 c5 3. d5 e6 4. Nc3 exd5 5. cxd5 d6 6. Nf3 g6 7. Bf4 a6 8. e4 Bg4 9. Qa4+ Nbd7 10. Nd2 b5 11. Qc2 Nh5 12. Be3 Nb6 13. a4 b4 14. Nd1 Bg7 15. f3 Bd7 16. a5 Nc8 17. Bd3 O-O 18. g4 Nf6 19. O-O Ne8 20. Nc4 Nc7 21. Bf4 Nb5 22. Qg2 Re8 23. Nde3 Qf6 24. Bg3 Nd4 25. f4 Bb5 26. Rad1 Qd8 27. g5 Nb3 28. e5 Nxa5 29. Nxa5 Qxa5 30. f5 Bxd3 31. Rxd3 c4 32. Nxc4 Qc5+ 33. Qf2 Qxc4 34. fxg6 Rf8 35. gxf7+ Kh8 36. Qe3 Ne7 37. e6 Nxd5 38. Qf3 Ne7 39. Rxd6 Qc5+ 40. Kh1 Qxg5 41. Rd7 Rad8 42. h4 Qc5 43. Bd6 Qxd6 44. Rxd6 Rxd6 45. Re1 Bxb2 46. Qb7 Bf6 47. Qxb4 Rd4 48. Qa3 Rxh4+ 49. Kg2 Rg4+ 50. Kf3 Rg5 51. Re4 Ng6 52. Qxa6 Ne5+ 53. Ke2 Nxf7 54. exf7 Rg2+ 1/2-1/2

[Event "Carnaval"]
[Site "Quebec CAN"]
[Date "2009.03.01"]
[Round "5"]
[White "Masse, Hugues"]
[Black "Bolduc, Steve"]
[Result "1/2-1/2"]
[WhiteElo "2311"]
[BlackElo "2312"]
[PlyCount "117"]
[GameId "2160767910239934"]
[EventDate "2009.02.27"]
[EventType "swiss"]
[EventRounds "5"]
[EventCountry "CAN"]

1. d4 Nf6 2. c4 e6 3. Nc3 Bb4 4. Qc2 d5 5. cxd5 exd5 6. Bg5 c6 7. e3 Be6 8. Bd3 Nbd7 9. Nge2 c5 10. dxc5 Rc8 11. O-O Nxc5 12. Bb5+ Kf8 13. a3 Bxc3 14. Qxc3 Nfe4 15. Bxd8 Nxc3 16. Nxc3 Rxd8 17. Rad1 Ke7 18. Be2 Ne4 19. Nb5 Rc8 20. f3 Nf6 21. Bd3 a6 22. Nd4 Rc7 23. Rd2 Nd7 24. Kf2 Ne5 25. Rfd1 Rhc8 26. Nf5+ Kf6 27. Nd4 Bd7 28. Be2 Ba4 29. Re1 Rc1 30. Rxc1 Rxc1 31. b3 Bd7 32. Rc2 Rxc2 33. Nxc2 Nc6 34. Bd3 h6 35. Ke2 Be6 36. Kd2 d4 37. Nxd4 Nxd4 38. exd4 Bxb3 39. Kc3 Be6 40. Kb4 Ke7 41. Kc5 b5 42. Be4 Bc8 43. Kc6 Kd8 44. Kb6 f5 45. Bc6 f4 46. d5 g5 47. d6 h5 48. Ka5 g4 49. Kb6 g3 50. hxg3 fxg3 51. f4 h4 52. Ka5 Bd7 53. Be4 h3 54. gxh3 Bxh3 55. Kxa6 Kd7 56. Kxb5 Kxd6 57. a4 g2 58. Bxg2 Bxg2 59. a5 1/2-1/2

[Event "Charlesbourg Alekhine op"]
[Site "Charlesbourg CAN"]
[Date "2009.09.23"]
[Round "3"]
[White "Lessard, Claude"]
[Black "Filiatreault, Michel"]
[Result "0-1"]
[WhiteElo "1981"]
[BlackElo "1982"]
[PlyCount "107"]
[GameId "2160767910092814"]
[EventDate "2009.09.09"]
[EventType "swiss"]
[EventRounds "5"]
[EventCountry "CAN"]
[SourceTitle "EXT 2011"]
[Source "ChessBase"]
[SourceDate "2011.11.26"]
[SourceVersion "1"]
[SourceVersionDate "2011.11.26"]
[SourceQuality "1"]

1. d4 d5 2. Nf3 e6 3. g3 g6 4. Bg2 Bg7 5. O-O Nd7 6. c3 Ne7 7. e4 dxe4 8. Ng5 Nf6 9. Nd2 O-O 10. Ngxe4 Nfd5 11. Qe2 Nc6 12. f4 b6 13. Nf3 a5 14. Re1 Ba6 15. Qd1 Rb8 16. h4 Nf6 17. Nxf6+ Bxf6 18. h5 Bb7 19. hxg6 hxg6 20. Nd2 Bxd4+ 21. cxd4 Qxd4+ 22. Kh2 Kg7 23. Nf3 Rh8+ 24. Nh4 Qf6 25. Qg4 Rh5 26. Rd1 Nd4 27. Bd2 Rbh8 28. Be1 Bxg2 29. Kxg2 c5 30. Bf2 Nf5 31. Nf3 Qxb2 32. Re1 Nh6 33. Qxh5 gxh5 34. Reb1 Qc2 35. Rc1 Qe2 36. Re1 Qa6 37. Rad1 Qb7 38. Rb1 Qc6 39. Red1 Nf5 40. Rbc1 h4 41. gxh4 Rxh4 42. Rc3 Rxf4 43. Rg1 Kf8 44. Rh1 Rg4+ 45. Kh3 Re4 46. a3 Nd4 47. Bxd4 Rxd4 48. Re1 Rf4 49. Ne5 Qd5 50. Rd3 Rd4 51. Rf3 f5 52. Ng6+ Kf7 53. Ne5+ Ke7 54. Rg3 0-1

[Event "Charlesbourg Alekhine op"]
[Site "Charlesbourg CAN"]
[Date "2009.09.23"]
[Round "3"]
[White "Poliquin, Yvone"]
[Black "Beaudoin, Stephane"]
[Result "0-1"]
[WhiteElo "1875"]
[BlackElo "2114"]
[PlyCount "106"]
[GameId "2160767910092815"]
[EventDate "2009.09.09"]
[EventType "swiss"]
[EventRounds "5"]
[EventCountry "CAN"]
[SourceTitle "EXT 2011"]
[Source "ChessBase"]
[SourceDate "2011.11.26"]
[SourceVersion "1"]
[SourceVersionDate "2011.11.26"]
[SourceQuality "1"]

1. e4 g6 2. d4 Bg7 3. Nc3 d6 4. f4 Nf6 5. Nf3 O-O 6. Bd3 Na6 7. O-O c5 8. d5 Rb8 9. e5 dxe5 10. Bxa6 e4 11. Be2 exf3 12. Bxf3 b6 13. Be3 Ne8 14. Qe2 Nd6 15. g4 Bd7 16. Rfe1 Qc8 17. Rab1 Re8 18. h3 Qc7 19. Kg2 Rbc8 20. Qf1 Bd4 21. Bg1 b5 22. Ne2 Bg7 23. c3 Qa5 24. Nc1 b4 25. c4 Qb6 26. b3 f5 27. Nd3 fxg4 28. hxg4 Nf7 29. Ne5 Nxe5 30. fxe5 e6 31. Bh2 Rf8 32. Qd3 Rcd8 33. Qe3 Rc8 34. Rf1 a5 35. Be2 Qc7 36. Rxf8+ Rxf8 37. Rf1 Rxf1 38. Kxf1 a4 39. Kf2 axb3 40. axb3 Bf8 41. d6 Qa5 42. Qe4 Qa1 43. Bf4 Qa6 44. Qe3 Qa5 45. Bf3 Qa2+ 46. Kg3 Qa5 47. Qe4 Qa1 48. Qe3 Qa5 49. Qe4 Qa1 50. Qb7 Qg1+ 51. Bg2 Qe1+ 52. Kh3 g5 53. Qxd7 Qh4# 0-1

[Event "Charlesbourg Alekhine op"]
[Site "Charlesbourg CAN"]
[Date "2009.09.30"]
[Round "4"]
[White "Dube, Daniel"]
[Black "Caron, Sebastien"]
[Result "1/2-1/2"]
[WhiteElo "1856"]
[BlackElo "1994"]
[PlyCount "99"]
[GameId "2160767910092816"]
[EventDate "2009.09.09"]
[EventType "swiss"]
[EventRounds "5"]
[EventCountry "CAN"]
[SourceTitle "EXT 2011"]
[Source "ChessBase"]
[SourceDate "2011.11.26"]
[SourceVersion "1"]
[SourceVersionDate "2011.11.26"]
[SourceQuality "1"]

1. e4 e6 2. d4 d5 3. e5 c5 4. c3 Nc6 5. Nf3 cxd4 6. cxd4 Qb6 7. Nc3 Bd7 8. a3 Rc8 9. Na4 Qc7 10. Bd2 f6 11. Rc1 Qb8 12. exf6 Nxf6 13. Bd3 Bd6 14. Ng5 O-O 15. Nf3 e5 16. dxe5 Nxe5 17. Nxe5 Rxc1 18. Bxc1 Bxe5 19. Nc5 Bc8 20. h3 b6 21. Nb3 Qd6 22. Nd2 Qe7 23. O-O Bb8 24. Re1 Qd6 25. Nf1 Bc7 26. Bg5 g6 27. Bh6 Re8 28. Rxe8+ Nxe8 29. Qe2 Qe5 30. Qxe5 Bxe5 31. Bc1 Nf6 32. Ne3 Kf7 33. Kf1 a6 34. Ng4 Bd4 35. Nxf6 Kxf6 36. h4 b5 37. h5 Bd7 38. hxg6 hxg6 39. b3 Bf5 40. Bxf5 gxf5 41. Ke2 Ke5 42. Be3 Bb2 43. Bc5 a5 44. a4 bxa4 45. bxa4 Bc3 46. Kd3 Be1 47. Bd4+ Ke6 48. Ke3 Bb4 49. Kf4 Bd6+ 50. Ke3 1/2-1/2

[Event "Charlesbourg Alekhine op"]
[Site "Charlesbourg CAN"]
[Date "2009.09.30"]
[Round "4"]
[White "Glode, Martin"]
[Black "Lapierre, Gaetan"]
[Result "1-0"]
[WhiteElo "1761"]
[BlackElo "1991"]
[PlyCount "50"]
[GameId "2160767910092817"]
[EventDate "2009.09.09"]
[EventType "swiss"]
[EventRounds "5"]
[EventCountry "CAN"]
[SourceTitle "EXT 2011"]
[Source "ChessBase"]
[SourceDate "2011.11.26"]
[SourceVersion "1"]
[SourceVersionDate "2011.11.26"]
[SourceQuality "1"]

1. e4 d6 2. d4 Nf6 3. Nc3 g6 4. Be3 Bg7 5. h3 O-O 6. f4 Na6 7. Nf3 c5 8. e5 Nd7 9. exd6 exd6 10. Qd2 cxd4 11. Bxd4 Re8+ 12. Be2 Nf6 13. O-O-O Nc7 14. Rhe1 Ne6 15. Bf2 Qa5 16. Kb1 Nc5 17. Bd4 Be6 18. Bxf6 Ne4 19. Qd4 Nxf6 20. Qa4 Qxa4 21. Nxa4 Nd5 22. g3 Rad8 23. c4 Bf5+ 24. Bd3 Bxd3+ 25. Rxd3 Ne7 1-0